000 00847 a2200205 4500
001 43162
005 20260407155715.0
008 260407a2005 arg spa d
003 AR-UNSa-BCEJYS
040 _aAR-UNSa-BCEJYS
_bspa
_cAR-UNSa-BCEJYS
080 _a342.4
_xConstituciones. Asambleas legislativas. Asambleas nacionales (Reforma...)
245 1 0 _aTextos completos de la Constitución Nacional y de la Provincia de Buenos Aires de 1949
020 _a950-34-0345-6
264 1 _aLa Plata :
_b(EDULP) Editorial de la Universidad Nacional de la Plata
_c2005
300 _a99 p.
_c21 cm.
505 _a1. Introducción - 2. La constitucionalismo social - 3. Constitución de la Nación Argentina - 4. Constitución del estado de Buenos Aires
942 _cBK
590 _aniveau_biblio:m niveau_hierar:0
100 1 _aMoreno, Guillermo Raúl
999 _c3653
_d3653